Ethnic conflicts in northern Ghana / (Record no. 1922)
[ view plain ]
| 000 -LEADER | |
|---|---|
| fixed length control field | 00542cam a2200181 a 4500 |
| 001 - CONTROL NUMBER | |
| control field | 13961054 |
| 005 - DATE AND TIME OF LATEST TRANSACTION | |
| control field | 20241203110411.0 |
| 008 - FIXED-LENGTH DATA ELEMENTS--GENERAL INFORMATION | |
| fixed length control field | 050511s2003 gh b 000 0 eng |
| 020 ## - INTERNATIONAL STANDARD BOOK NUMBER | |
| International Standard Book Number | 9988611099 |
| 050 00 - LIBRARY OF CONGRESS CALL NUMBER | |
| Classification number | DT512.9.N67 |
| Item number | M34 2003 |
| 082 00 - DEWEY DECIMAL CLASSIFICATION NUMBER | |
| Classification number | 305.8009667 |
| Edition information | 22 |
| 100 1# - MAIN ENTRY--PERSONAL NAME | |
| Personal name | Mahama, Ibrahim, |
| Dates associated with a name | 1936- |
| 245 10 - TITLE STATEMENT | |
| Title | Ethnic conflicts in northern Ghana / |
| Statement of responsibility, etc. | Ibrahim Mahama. |
| 260 ## - PUBLICATION, DISTRIBUTION, ETC. | |
| Place of publication, distribution, etc. | Tamale, Ghana : |
| Name of publisher, distributor, etc. | Cyber Systems, |
| Date of publication, distribution, etc. | c2003. |
| 300 ## - PHYSICAL DESCRIPTION | |
| Extent | viii, 262 p. ; |
| Dimensions | 24 cm. |
| 650 #0 - SUBJECT ADDED ENTRY--TOPICAL TERM | |
| Topical term or geographic name entry element | Social conflict |
| Geographic subdivision | Ghana |
| -- | Northern Region. |
| 942 ## - ADDED ENTRY ELEMENTS (KOHA) | |
| Source of classification or shelving scheme | Library of Congress Classification |
| Koha item type | Books |
| Suppress in OPAC | No |
| 999 ## - | |
| -- | 1922 |
| -- | 1922 |
| Withdrawn status | Lost status | Source of classification or shelving scheme | Damaged status | Not for loan | Collection | Home library | Current library | Shelving location | Date acquired | Total checkouts | Full call number | Barcode | Date last seen | Copy number | Price effective from | Koha item type |
|---|---|---|---|---|---|---|---|---|---|---|---|---|---|---|---|---|
| Library of Congress Classification | Non-fiction | Graduate Library (Christ Temple) | Graduate Library (Christ Temple) | General stacks | 12/03/2024 | DT 512.9 MAH | GSCT00000224 | 12/03/2024 | 1 | 12/03/2024 | Books |